000 00506nam a22001697a 4500
999 _c62239
_d62239
005 20240829121805.0
008 240829c2009 enk||||| |||| 00| 0 eng d
022 _a0149 9246
041 _aeng
245 _aHastings International and Comparative Law Review :
_b2009 /
_cRed. A. Miller.
260 _aCalifornia,
_c2009.
300 _aV.
653 _aსამართალი
653 _aპერიოდიკა
700 _a Miller, A.
_eრედაქტორი
_923140
942 _2udc
_cCR